[Event "Karelia-ch"]
[Site "Petrozavodsk"]
[Date "2014.02.22"]
[Round "7"]
[White "Gubajdullin, Alexey"]
[Black "Stolyarov, Sergey V"]
[Result "0-1"]
[WhiteElo "2359"]
[BlackElo "1977"]
[PlyCount "46"]
[EventDate "2014.02.18"]
[EventType "swiss"]
[EventRounds "9"]
[EventCountry "RUS"]
[SourceTitle "EXT 2016"]
[Source "ChessBase"]
[SourceDate "2015.10.08"]
[SourceVersion "1"]
[SourceVersionDate "2015.10.08"]
[SourceQuality "1"]

1. d4 e6 2. Nf3 b6 3. e4 Bb7 4. Bd3 Nf6 5. Qe2 Be7 6. c4 d6 7. Nc3 0-0 8. 0-0 Nbd7 9. h3 c5 10. e5 Bxf3 11. gxf3 dxe5 12. dxe5 Nxe5 13. Bc2 Ng6 14. Ne4 Nh5 15. f4 Nhxf4 16. Qf3 e5 17. Kh2 Qd4 18. Bb3 f5 19. Nc3 e4 20. Qd1 Qe5 21. Kh1 Bd6 22. Rg1 Nd3 23. Rg2 Nh4 0-1

[Event "Karelia-ch"]
[Site "Petrozavodsk"]
[Date "2014.02.18"]
[Round "1"]
[White "Ivanov, Sergey A"]
[Black "Stolyarov, Sergey V"]
[Result "1-0"]
[WhiteElo "2312"]
[BlackElo "1977"]
[PlyCount "75"]
[EventDate "2014.02.18"]
[EventType "swiss"]
[EventRounds "9"]
[EventCountry "RUS"]
[SourceTitle "EXT 2016"]
[Source "ChessBase"]
[SourceDate "2015.10.08"]
[SourceVersion "1"]
[SourceVersionDate "2015.10.08"]
[SourceQuality "1"]

1. e4 e6 2. d4 b6 3. Bd3 Bb7 4. c3 c5 5. Ne2 cxd4 6. cxd4 Nc6 7. Nbc3 Bb4 8. a3 Bxc3+ 9. bxc3 Nge7 10. Ng3 0-0 11. Qg4 f5 12. Qh3 f4 13. Ne2 Ng6 14. e5 Qg5 15. Rg1 Qh6 16. Qxh6 gxh6 17. Bxg6 hxg6 18. Nxf4 Kg7 19. h4 Ne7 20. Bd2 Rac8 21. Rc1 Rc4 22. Rh1 Rfc8 23. Rh3 Ra4 24. Ra1 Be4 25. f3 Bc2 26. g4 Bb3 27. Nd3 Bc4 28. Nb2 Ra5 29. f4 Rc6 30. h5 gxh5 31. Rxh5 Kg6 32. Kf2 Ng8 33. f5+ exf5 34. gxf5+ Kxh5 35. Nxc4 Rxc4 36. Kf3 Rxc3+ 37. Bxc3 Rb5 38. Kf4 1-0

[Event "Karelia-ch 65th"]
[Site "Kondopoga"]
[Date "2012.02.25"]
[Round "7"]
[White "Toivonen, Alexander"]
[Black "Stolyarov, Sergey V"]
[Result "1-0"]
[WhiteElo "2250"]
[BlackElo "1960"]
[PlyCount "33"]
[EventDate "2012.02.21"]
[EventType "swiss"]
[EventRounds "9"]
[EventCountry "RUS"]
[SourceTitle "EXT 2013"]
[Source "ChessBase"]
[SourceDate "2012.11.22"]
[SourceVersion "1"]
[SourceVersionDate "2012.11.22"]
[SourceQuality "1"]

1. d4 b6 2. e4 Bb7 3. Bd3 g6 4. f4 Bg7 5. Nf3 e6 6. 0-0 d5 7. e5 Ne7 8. c3 0-0 9. g4 Ba6 10. Be3 Bxd3 11. Qxd3 Nd7 12. Na3 a6 13. Bf2 Bh6 14. Bg3 c5 15. Nh4 f5 16. exf6 Nxf6 17. g5 1-0

[Event "Karelian op 10th"]
[Site "Petrozavodsk"]
[Date "2010.10.14"]
[Round "7"]
[White "Stolyarov, Sergey V"]
[Black "Sharshutin, Sergey"]
[Result "0-1"]
[WhiteElo "1954"]
[BlackElo "2013"]
[PlyCount "92"]
[EventDate "2010.10.01"]
[EventType "swiss"]
[EventRounds "9"]
[EventCountry "RUS"]
[SourceTitle "EXT 2022"]
[Source "ChessBase"]
[SourceDate "2021.10.06"]
[SourceVersion "1"]
[SourceVersionDate "2021.10.06"]
[SourceQuality "1"]

1. e4 d6 2. c4 Nf6 3. Nc3 g6 4. g3 Bg7 5. Bg2 0-0 6. Nge2 c6 7. 0-0 e5 8. d3 Nh5 9. f4 f5 10. Qe1 Na6 11. Rb1 Nc5 12. b4 Nxd3 13. Qd2 Nxc1 14. Qxc1 Be6 15. c5 dxc5 16. bxc5 Qe7 17. Qe3 exf4 18. gxf4 fxe4 19. Nxe4 Bxa2 20. Rb4 a5 21. Ra4 Bd5 22. Qa3 Nf6 23. N2g3 Nxe4 24. Nxe4 Bxe4 25. Rxe4 Qd7 26. Qb3+ Kh8 27. Rd1 Qc7 28. Rde1 a4 29. Rxa4 Rxa4 30. Qxa4 Qxf4 31. Qxf4 Rxf4 32. Re8+ Rf8 33. Re7 Bd4+ 34. Kh1 Rb8 35. Rc7 Bxc5 36. Bxc6 bxc6 37. Rxc6 Bd4 38. Rc4 Be5 39. h3 Rb2 40. Re4 Bf6 41. Rc4 h5 42. Re4 Kg7 43. Ra4 Be5 44. Kg1 Kf6 45. Rc4 Rh2 46. h4 Rd2 0-1

[Event "Karelia-ch 63rd"]
[Site "Petrozavodsk"]
[Date "2010.02.25"]
[Round "9"]
[White "Stolyarov, Sergey V"]
[Black "Bakulin, Alexander"]
[Result "1-0"]
[WhiteElo "1955"]
[BlackElo "1979"]
[PlyCount "57"]
[EventDate "2010.02.20"]
[EventType "swiss"]
[EventRounds "9"]
[EventCountry "RUS"]
[SourceTitle "CBM 135 Extra"]
[Source "ChessBase"]
[SourceDate "2010.05.04"]
[SourceVersion "1"]
[SourceVersionDate "2010.05.04"]
[SourceQuality "1"]

1. c4 Nf6 2. Nc3 g6 3. e4 e5 4. g3 Bg7 5. Bg2 0-0 6. Nge2 Nc6 7. 0-0 Nd4 8. d3 c6 9. h3 Rb8 10. Be3 Nxe2+ 11. Qxe2 Qa5 12. a3 b5 13. b4 Qa6 14. c5 Qb7 15. f4 Qc7 16. fxe5 Nh5 17. Rf3 Bxe5 18. d4 Bxg3 19. e5 Qd8 20. Ne4 Bh4 21. Bh6 Ng7 22. Raf1 Qe7 23. Rf4 Nf5 24. Rxf5 gxf5 25. Rxf5 Kh8 26. Bxf8 Qxf8 27. Nd6 f6 28. Qh5 Bg5 29. Nf7+ 1-0

[Event "Karelian Winter op (4R)"]
[Site "Petrozavodsk"]
[Date "2009.12.19"]
[Round "2"]
[White "Stolyarov, Sergey V"]
[Black "Gubaidullin, Mannifanzil"]
[Result "1/2-1/2"]
[WhiteElo "1993"]
[BlackElo "1790"]
[PlyCount "57"]
[EventDate "2009.12.19"]
[EventType "swiss"]
[EventRounds "4"]
[EventCountry "RUS"]
[SourceTitle "EXT 2022"]
[Source "ChessBase"]
[SourceDate "2021.10.06"]
[SourceVersion "1"]
[SourceVersionDate "2021.10.06"]
[SourceQuality "1"]

1. c4 e5 2. Nc3 d6 3. e4 Nf6 4. d3 Be7 5. g3 c6 6. Bg2 0-0 7. h3 Na6 8. Nge2 Nc7 9. 0-0 d5 10. Qc2 Be6 11. b3 Rc8 12. Kh2 b5 13. Nb1 Na6 14. a3 dxe4 15. dxe4 Nc5 16. Bb2 Qd3 17. Qxd3 Nxd3 18. Bc3 bxc4 19. b4 Nd7 20. f4 f5 21. Nd2 Bf6 22. exf5 Bxf5 23. fxe5 Bxe5 24. Nxc4 Bxc3 25. Nxc3 Be6 26. Nd6 Rc7 27. Rad1 N7e5 28. Be4 Nf2 29. Rde1 1/2-1/2

[Event "Karelia-ch"]
[Site "Petrozavodsk"]
[Date "2008.03.08"]
[Round "6"]
[White "Jatshmenev, Mihail"]
[Black "Stolyarov, Sergey V"]
[Result "1-0"]
[WhiteElo "2209"]
[BlackElo "2094"]
[PlyCount "99"]
[EventDate "2008.03.05"]
[EventType "swiss"]
[EventRounds "9"]
[EventCountry "RUS"]
[SourceTitle "CBM 123 Extra"]
[Source "ChessBase"]
[SourceDate "2008.05.06"]
[SourceVersion "1"]
[SourceVersionDate "2008.05.06"]
[SourceQuality "1"]

1. e4 g6 2. d4 Bg7 3. Nf3 d6 4. Nc3 Nf6 5. h3 0-0 6. Be3 Nbd7 7. Be2 e5 8. 0-0 h6 9. Re1 Kh7 10. a4 a6 11. a5 Qe7 12. Bf1 Rg8 13. b4 Rd8 14. Qb1 c6 15. Qb3 Nf8 16. dxe5 dxe5 17. Bc5 Qe8 18. Bc4 Be6 19. Nxe5 Bxc4 20. Nxc4 Ne6 21. e5 Nd5 22. Nd6 Rxd6 23. Bxd6 Ndf4 24. Qc4 Qd8 25. Ne4 Qh4 26. Ra3 Kh8 27. Qf1 Qh5 28. c4 g5 29. Ng3 Qg6 30. Rd1 h5 31. Qe1 h4 32. Nf1 g4 33. hxg4 Qxg4 34. Ne3 Qg5 35. g3 hxg3 36. fxg3 Rg8 37. Ng2 Nxg2 38. Kxg2 Nf4+ 39. Kg1 Nh3+ 40. Kh1 Qh5 41. Rd2 Nf2+ 42. Kg2 Nh3 43. Rd4 Bh6 44. Qf1 Rg6 45. Qf3 Qxf3+ 46. Rxf3 Ng5 47. Rf6 Kh7 48. Rxg6 Kxg6 49. Be7 Ne6 50. Rd7 1-0

[Event "Karelia-ch"]
[Site "Petrozavodsk"]
[Date "2008.03.07"]
[Round "4"]
[White "Stolyarov, Sergey V"]
[Black "Turubchuk, Andrey"]
[Result "1/2-1/2"]
[WhiteElo "2094"]
[BlackElo "2200"]
[PlyCount "109"]
[EventDate "2008.03.05"]
[EventType "swiss"]
[EventRounds "9"]
[EventCountry "RUS"]
[SourceTitle "CBM 123 Extra"]
[Source "ChessBase"]
[SourceDate "2008.05.06"]
[SourceVersion "1"]
[SourceVersionDate "2008.05.06"]
[SourceQuality "1"]

1. c4 Nf6 2. Nc3 d5 3. cxd5 Nxd5 4. d4 g6 5. e3 Bg7 6. Bd2 Nb6 7. a4 a5 8. Bd3 e5 9. Nge2 0-0 10. 0-0 Nc6 11. Nb5 exd4 12. exd4 Bg4 13. f3 Be6 14. Be3 Nd5 15. Bf2 Bh6 16. Re1 Ne3 17. Qb1 Re8 18. Ng3 Nd5 19. Bc4 Ncb4 20. Bf1 f5 21. Na3 Bd2 22. Re2 Qg5 23. Nc4 Bf4 24. Ne5 h5 25. Nd3 h4 26. Nh1 Bd6 27. Qc1 Bf4 28. Qd1 Ne3 29. Bxe3 Bxe3+ 30. Nhf2 Rad8 31. f4 Bxf4 32. Nxb4 axb4 33. Rxe6 Rxe6 34. Bc4 Kf7 35. Qb3 Rde8 36. Re1 Qf6 37. Nd3 Bd6 38. Nf2 g5 39. Nh3 Qxd4+ 40. Kf1 Kf6 41. Rxe6+ Rxe6 42. Bxe6 g4 43. Nf2 Bc5 44. Nd3 Qg1+ 45. Ke2 Qxg2+ 46. Kd1 Qg1+ 47. Kc2 Bd6 48. Bg8 Qxh2+ 49. Kb1 h3 50. Qf7+ Kg5 51. Qg7+ Kh4 52. Qh6+ Kg3 53. Qe3+ Kh4 54. Qh6+ Kg3 55. Qe3+ 1/2-1/2

[Event "Karelia-ch"]
[Site "Petrozavodsk"]
[Date "2008.03.07"]
[Round "5"]
[White "Toivonen, Alexander"]
[Black "Stolyarov, Sergey V"]
[Result "1-0"]
[WhiteElo "2223"]
[BlackElo "2094"]
[PlyCount "69"]
[EventDate "2008.03.05"]
[EventType "swiss"]
[EventRounds "9"]
[EventCountry "RUS"]
[SourceTitle "CBM 123 Extra"]
[Source "ChessBase"]
[SourceDate "2008.05.06"]
[SourceVersion "1"]
[SourceVersionDate "2008.05.06"]
[SourceQuality "1"]

1. d4 d5 2. c4 c6 3. Nf3 Nf6 4. Nc3 e6 5. e3 Nbd7 6. Bd3 Bb4 7. 0-0 0-0 8. Qc2 h6 9. Bd2 Bd6 10. e4 dxe4 11. Nxe4 Nxe4 12. Bxe4 Qc7 13. Qc1 f5 14. Bc2 c5 15. Re1 Rf6 16. dxc5 Qxc5 17. Bc3 Rg6 18. h3 Nf6 19. b4 Qc6 20. Nh4 Rg5 21. c5 Bc7 22. Bd2 Rh5 23. Ng6 Kf7 24. Ne5+ Bxe5 25. Rxe5 a5 26. a3 Rh4 27. f4 b6 28. b5 Qxb5 29. Be1 Ba6 30. Bxh4 g5 31. Bf2 gxf4 32. Rb1 Qd7 33. Bb3 Nd5 34. Bxd5 exd5 35. Qxf4 1-0